Kapuzárási pánik Alsóvároson

Elmentve itt :
Bibliográfiai részletek
Szerző: Szabó C. Szilárd
Dokumentumtípus: Cikk
Megjelent: 2016-04-14
Sorozat:Délmagyarország
Kulcsszavak:Szabó Gábor (fizikus, rektor), Török Márk (EHÖK elnök), Szegedi Egyetemi Napok, Egyetemi Hallgatói Önkormányzat (EHÖK)
Online Access:http://univ.bibl.u-szeged.hu/45412
LEADER 00602nab a2200169 i 4500
001 univ45412
005 20171214103841.0
008 171214s2016 hu o 0|| zxx d
040 |a SZTE UnivHistória Repozitórium  |b hun 
041 |a zxx 
100 2 |a Szabó C. Szilárd 
245 1 0 |a Kapuzárási pánik Alsóvároson  |h [elektronikus dokumentum] /  |c  Szabó C. Szilárd 
260 |c 2016-04-14 
300 |a 5 
490 0 |a Délmagyarország 
561 |a Egyetemi hirarchívum 
695 |a Szabó Gábor (fizikus, rektor), Török Márk (EHÖK elnök), Szegedi Egyetemi Napok, Egyetemi Hallgatói Önkormányzat (EHÖK)